Mouse soup / (Record no. 2911)

MARC details
000 -LEADER
fixed length control field 00801pam a2200265 i 4500
005 - DATE AND TIME OF LATEST TRANSACTION
control field 20240123105405.0
020 ## - INTERNATIONAL STANDARD BOOK NUMBER
International Standard Book Number 9780064440417
040 ## - CATALOGING SOURCE
Original cataloging agency DLC
Language of cataloging eng
Transcribing agency DLC
Modifying agency DLC
050 00 - LIBRARY OF CONGRESS CALL NUMBER
Classification number PZ7.L7795
082 00 - DEWEY DECIMAL CLASSIFICATION NUMBER
Classification number 813.54
100 1# - MAIN ENTRY--PERSONAL NAME
Personal name Lobel, Arnold
245 10 - TITLE STATEMENT
Title Mouse soup /
Statement of responsibility, etc. by Arnold Lobel.
250 ## - EDITION STATEMENT
Edition statement First published in 1977
260 ## - PUBLICATION, DISTRIBUTION, ETC.
Place of publication, distribution, etc. New York :
Name of publisher, distributor, etc. Harper & Row,
Date of publication, distribution, etc. 1977
300 ## - PHYSICAL DESCRIPTION
Extent 64 pages :
Other physical details color illustrations ;
Dimensions 23 cm.
490 0# - SERIES STATEMENT
Series statement An I can read book
Volume/sequential designation Book 2
505 ## - FORMATTED CONTENTS NOTE
Formatted contents note H <br/>
520 ## - SUMMARY, ETC.
Summary, etc. A mouse convinces a weasel he needs the ingredients from several stories to make a tasty mouse soup.
521 ## - TARGET AUDIENCE NOTE
Target audience note 430 <br/>
Source Lexile <br/>
521 ## - TARGET AUDIENCE NOTE
Target audience note H <br/>
Source Raz-Plus <br/>
650 #1 - SUBJECT ADDED ENTRY--TOPICAL TERM
Topical term or geographic name entry element Mice
Form subdivision Fiction.
906 ## - LOCAL DATA ELEMENT F, LDF (RLIN)
a 7
b cbc
c orignew
d 1
e ocip
f 19
g y-gencatlg
942 ## - ADDED ENTRY ELEMENTS (KOHA)
Source of classification or shelving scheme Dewey Decimal Classification
Koha item type Books
Suppress in OPAC No
999 ## -
-- 2911
-- 2911
Holdings
Withdrawn status Lost status Source of classification or shelving scheme Damaged status Not for loan Collection Home library Current library Shelving location Date acquired Total Checkouts Full call number Barcode Date last seen Date last checked out Copy number Price effective from Koha item type
    Dewey Decimal Classification     Juvenile Fiction Footprints International School Library Network Toul Kork Campus Footprints International School Library Network Toul Kork Campus   01/23/2024 1 LOB 813.54 PZ7.L7795 FIS02966 02/06/2024 01/30/2024 1 01/23/2024 Books
    Dewey Decimal Classification     Juvenile Fiction Footprints International School Library Network Toul Kork Campus Footprints International School Library Network Toul Kork Campus   01/23/2024   LOB 813.54 PZ7.L7795 FIS01380 09/12/2024   2 01/23/2024 Books